| 000 | 01047cab a2200241 4500 | ||
|---|---|---|---|
| 001 | WB3244-19 | ||
| 008 | 090401t1996 xxu||||| |||| 00| 0 eng d | ||
| 035 | _a(Sirsi) u56218 | ||
| 041 | _aeng | ||
| 245 | _aResidential property codes of practice | ||
| 260 | _c1996 | ||
| 350 | _a0 | ||
| 490 |
_aRICS Press Release _v(PR143.res) 20 November 1996, (4) |
||
| 520 | _aThe RICS is publishing two residential property management codes aimed at promoting good practice. `Rent only` covers tenancies where rent only is paid and `Service charges` covers leases and tenancies where a variable service charge is also paid. Due for publication in the New Year; coming into force 17 March 1997. | ||
| 650 | _aCODES OF PRACTICE | ||
| 650 |
_aLANDLORD AND TENANT _96252 |
||
| 650 |
_aProperty management _96262 |
||
| 650 |
_aRESIDENTIAL PROPERTY _96266 |
||
| 650 | _aRICS RESIDENTIAL MANAGEMENT CODES OF PRACTICE | ||
| 690 | _aPROPERTY-RESIDENTIAL PROPERTY-RESIDENTIAL LANDLORD AND TENANT-RESIDENTIAL TENANCIES | ||
| 942 | _n0 | ||
| 948 | _c04/03/1997 | ||
| 999 |
_c34287 _d34287 |
||